| 000 | 00000nas 2200000za 4500 |
| 001 | 9.846542 |
| 003 | CaOODSP |
| 005 | 20221107153228 |
| 007 | cr ||||||||||| |
| 008 | 171031d19781981oncar pso f0###a0eng|d |
| 022 | |y0822-1065 |
| 040 | |aCaOODSP|beng |
| 043 | |an-cn--- |
| 086 | 1 |aR1-95E-PDF |
| 110 | 1 |aCanada. |bIndian and Northern Affairs Canada. |
| 245 | 10|aAnnual report |h[electronic resource] / |cIndian and Northern Affairs Canada. |
| 260 | |a[Ottawa] : |bIndian and Northern Affairs Canada, |cc1978-c1981. |
| 310 | |aAnnual |
| 362 | 1 |aBegan with 1977/1978; ceased with 1980/1981. |
| 500 | |aTranscript of original print publication. |
| 500 | |aIssued also in French under title: Rapport annuel. |
| 500 | |aCover title. |
| 515 | |aReport year ends March 31. |
| 692 | 07|2gccst|aAboriginal affairs |
| 775 | 08|tRapport annuel |w(CaOODSP)9.846543 |
| 780 | 00|tAnnual report |w(CaOODSP)9.846533 |
| 785 | 00|tAnnual review |w(CaOODSP)9.846544 |